01096nam a22001097a 4500008004100000100004400041245009800085260003900183300002900222520069600251773003900947230411b ||||| |||| 00| 0 eng d aBalsmeier, B.Fleming, L. and Lück, S. aIsolating personal knowledge spillovers: Coinventor deaths and spatial citation differentials aAmerican Economic Review: Insights a5(1), Mar, 2023: p.21-34 aWe propose a new method to estimate and isolate the localization of knowledge spillovers due to the physical presence of a person, using after-application but pre-grant deaths of differently located coinventors of the same patent. The approach estimates the differences in local citations between the deceased and still-living inventors at increasingly distant radii. Patents receive 26 percent fewer citations from within a radius of 20 miles around the deceased, relative to still-living coinventors. Differences attenuate with time and distance, are stronger when still-living coinventors live farther from the deceased, and hold for a subsample of possibly premature deaths.- Reproduced  aAmerican Economic Review: Insights